Bona postura, bona salut : quadern d'higiene postural / quadern d'higiene postural /
MARC
| LEADER | 00000nam a22000007a 4500 | ||
|---|---|---|---|
| 001 | 27636 | ||
| 003 | Arxiu | ||
| 005 | 20260324181158.0 | ||
| 008 | 230403b spa||||| |||| 00| 0 cat d | ||
| 017 | |a B 17508-2021 | ||
| 040 | |a agdb |b cat | ||
| 110 | |9 52202 |a Barcelona (Catalunya : Província). |b Servei de Salut Pública | ||
| 245 | |a Bona postura, bona salut : |b quadern d'higiene postural / |c Coordinació: Servei de Salut Pública de la Diputació de Barcelona | ||
| 250 | |a Cinquena edició |b Octubre del 2021 | ||
| 260 | |a Barcelona : |b Diputació de Barcelona ; |c 2021 | ||
| 300 | |a 17 pàgines ; |b il·lustracions en color ; |c 21 x 30 cm | ||
| 500 | |a Quadern d'exercicis per a infants | ||
| 650 | 0 | |9 52736 |a Infants |x Salut i higiene | |
| 650 | 0 | |9 52735 |a Postura | |
| 710 | |a Barcelona (Catalunya : Província). |b Àrea d'Igualtat i Sostenibilitat Social |9 55833 | ||
| 710 | |9 56007 |a Barcelona (Catalunya : Província). |b Subdirecció d’Imatge Corporativa i Promoció Institucional | ||
| 856 | 4 | 0 | |u https://www.diba.cat/documents/713456/81466426/2021_BonaPosturaBonaSalut_QuadernHigienePostural-web.pdf/d50582f3-8052-111e-4f48-ccaf64447ebc?t=1634909510566 |y Accés lliure (Portal del Servei de Salut Pública de la Diputació de Barcelona) |
| 942 | |2 udc |c ARXIU |n 1 | ||
| 952 | |0 0 |1 0 |2 udc |4 0 |6 FU7522 |7 1 |9 65924 |a Arxiu |b Arxiu |d 2023-04-03 |l 0 |o FU-75-22 |p 27636 |r 2023-04-03 00:00:00 |w 2023-04-03 |y ARXIU | ||
| 999 | |c 83301 |d 83301 | ||